000 00997nam0a22002411 4500
001 rc\769506
005 20040301142925.9
035 _a(NLR Aleph) 006296231
090 _a7203016
_c7203016
100 _a20040301d1985 u |0rusy50 ca
101 0 _arus
102 _aRU
105 _ay |||||||||
200 1 _aОбраз жизни в социалистических странах
_e(Из опыта ВНР и СССР. Реальность, проблемы)
_e[Сб. ст.]
_fАН СССР, Ин-т социол. исслед., Сов. социол. ассоц.
_g[Отв. ред. Левыкин И.Т. и др.]
210 _aМ.
_cИСИ
_d1985 (1986)
215 _a243 с.
_d21
702 1 _aЛевыкин
_bИ. Т.
_gИван Тихонович
_4340
712 0 2 _aИнститут социологических исследований
_cМосква
_3RU\NLR\AUTH\8810000263
801 0 _aRU
_bNLR
_gpsbo
801 1 _aRU
_bELAR
_2rusmarc
852 _aNLR
_j86-3/8393
942 _cBOOK
980 _aNB